000
00279nam a2200097Ia 4500
001
647606
005
20250826153706.0
008
250824s9999 xx 000 0 und d
245
0
_a
BÜYÜK UMUTLAR ANTİK OKUL KLASİKLERİ
_c
CHARLES DİCKENS
260
_b
ANTİK DÜNYA KLASİKLERİ
999
_c
647606
_d
647606